000 01521nam a2200409 c 4500
001 23943
003 ES-MaCES
005 20200226040011.0
008 110816s2010 sp d t 000 | spa d
017 _aM 51280-2010
_bDL
035 _aCES20110006523m
040 _aES-MaCES
_bspa
_cES-MaCES
100 1 _aGarcía Díaz, Miguel Ángel
_912862
245 1 0 _aSituación de la economía española y PGE 2011
_cMiguel Ángel García Díaz, Luis Zarapuz Puertas
260 _a[Madrid]
_bConfederación Sindical de Comisiones Obreras
_c2010
300 _a339 p.
_bgráf. bl. y n.
_c24 cm
500 _aEn la port.: Confederación Sindical de Comisiones Obreras, Gabinete Económico
541 _cGratuito
650 4 _acondiciones económicas
_927081
650 4 _amercado de trabajo
_928292
650 4 _apresupuesto nacional
_928073
650 4 _aadministración pública
_927214
650 4 _apolítica presupuestaria
_930829
650 4 _adistribución del ingreso
_927109
650 4 _adistribución del gasto
_930938
650 4 _aEspaña
_926964
650 4 _a2011
_931999
650 4 _ainforme
_928986
653 1 0 _aHacienda Pública
700 1 _aZarapuz Puertas, Luis
_926530
710 2 _aComisiones Obreras
_eed.
_92105
710 2 _aComisiones Obreras
_bGabinete Económico
_92134
787 0 _tSituación de la economía española y Presupuestos Generales del Estado 2010
_w(ES-MaCES)22925
902 _aLIB Libro
942 _2CES
_cBK
_h0.1.
999 _c23943
_d23943